How to use SPSS®: A step-by-step guide to analysis and interpretation (Record no. 358511)

MARC details
000 -LEADER
fixed length control field 00545 a2200193 4500
005 - DATE & TIME
control field 20250506115558.0
008 - FIXED-LENGTH DATA ELEMENTS--GENERAL INFORMATION
fixed length control field 250506b |||||||| |||| 00| 0 eng d
020 ## - ISBN
International Standard Book Number 9781032582351
Price £ 61.99
040 ## - CATALOGING SOURCE
Original cataloging agency VIVEKANANDA LIBRARY
082 ## - DDC NUMBER
Classification number 005.55
Book Number C881H(12)
100 ## - MAIN ENTRY--PERSONAL NAME
Personal name Cronk, Brian C
245 ## - TITLE STATEMENT
Title How to use SPSS®: A step-by-step guide to analysis and interpretation
250 ## - EDITION STATEMENT
Edition statement 12th
260 ## - PUBLICATION, DISTRIBUTION, ETC. (IMPRINT)
Date of publication, distribution, etc 2024
Place of publication, distribution, etc New York
Name of publisher, distributor, etc Routledge
300 ## - PHYSICAL DESCRIPTION
Pages viii, 244
650 ## - Subject
Subject Computer Science
650 ## - Subject
Subject SSPS-Computer Programming Language
942 ## - ADDED ENTRY ELEMENTS (KOHA)
Koha item type Books
Holdings
Withdrawn status Lost status Source of classification or shelving scheme Damaged status Not for loan Location (home branch) Sublocation or collection (holding branch) Shelving location Date acquired Koha issues (times borrowed) Koha full call number Accession No. Koha date last seen Koha item type
    Dewey Decimal Classification     VIVEKANANDA LIBRARY VIVEKANANDA LIBRARY Vivekananda Library 18/02/2025   005.55 C881H(12) 442704 18/02/2025 Books
© Designed and Maintained by Vivekananda Library, MDU Rohtak